On This Day: July 8th II Quiz Stats

 Plays Quiz Updated Jul 8, 2018

Score 0/7 Timer 03:00
1 Play Today
Question Answer Wrong Answers
The United States bans all monetary transactions with this island nation.
1963
Cuba
96.1%
Iceland
0.7%
Jamaica
1.5%
Ireland
0.6%
This group releases their debut single ‘Wannabe’ in the United Kingdom.
1996
Spice Girls
89.3%
Destiny's Child
6.6%
B*Witched
0.9%
TLC
2%
Germany defeats host nation ______ 7-1 to knock them out of the FIFA World Cup, in what is the largest margin of victory for a semi-final game.
2014
Brazil
78.5%
Russia
2.9%
South Korea
8.2%
France
9%
Alfred Carlton Gilbert is granted a patent for the ______ Set, becoming one of the most popular toys of all time.
1913
Erector
75.6%
Conductor
5.8%
Constructor
15.3%
Assembler
3.3%
This five-star American general, who played a prominent role in the Pacific Theater of WWII, is named commander-in-chief of UN forces in Korea.
1950
Douglas MacArthur
69.7%
Dwight D. Eisenhower
12.8%
George Patton
11.8%
George Marshall
5%
Warren G. Harding becomes the first sitting US President to visit ______, then a territory of the United States.
1923
Alaska
32.8%
Hawaii
40.1%
Guam
8.8%
Puerto Rico
17.9%
After becoming an independent republic during the American Revolutionary War, ______ introduces a new constitution which partially abolishes slavery.
1777
Vermont
29.9%
Maine
15.3%
Virginia
24.8%
Massachusetts
29.9%

You're not logged in!

Compare scores with friends on all Sporcle quizzes.
OR
Log In

Sporcle TV

Today on Sporcle TV


Watch our educational content, quiz creation guides, and fun videos on Sporcle TV.

Show Comments

Extras

Top Quizzes Today


Score Distribution

Your Account Isn't Verified!

In order to create a playlist on Sporcle, you need to verify the email address you used during registration. Go to your Sporcle Settings to finish the process.

Report this User

Report this user for behavior that violates our Community Guidelines.

Details: